| 000 -LEADER |
| fixed length control field |
01761cam a2200409 a 4500 |
| 001 - CONTROL NUMBER |
| control field |
17170902 |
| 003 - CONTROL NUMBER IDENTIFIER |
| control field |
NUST |
| 005 - DATE AND TIME OF LATEST TRANSACTION |
| control field |
20230130141852.0 |
| 006 - FIXED-LENGTH DATA ELEMENTS--ADDITIONAL MATERIAL CHARACTERISTICS |
| fixed length control field |
m |o d | |
| 007 - PHYSICAL DESCRIPTION FIXED FIELD--GENERAL INFORMATION |
| fixed length control field |
cr_||||||||||| |
| 008 - FIXED-LENGTH DATA ELEMENTS--GENERAL INFORMATION |
| fixed length control field |
120217s2012 nju ob 001 0 eng |
| 010 ## - LIBRARY OF CONGRESS CONTROL NUMBER |
| LC control number |
2012007308 |
| 020 ## - INTERNATIONAL STANDARD BOOK NUMBER |
| International Standard Book Number |
9781118347577 ( ePub) |
| 020 ## - INTERNATIONAL STANDARD BOOK NUMBER |
| International Standard Book Number |
9781118347553 (Adobe PDF) |
| 020 ## - INTERNATIONAL STANDARD BOOK NUMBER |
| International Standard Book Number |
9781118347560 (MobiPocket) |
| 020 ## - INTERNATIONAL STANDARD BOOK NUMBER |
| Canceled/invalid ISBN |
9780470597187 (pbk.) |
| 040 ## - CATALOGING SOURCE |
| Original cataloging agency |
DLC |
| Language of cataloging |
eng |
| Transcribing agency |
DLC |
| Modifying agency |
DLC |
| 042 ## - AUTHENTICATION CODE |
| Authentication code |
pcc |
| 050 00 - LIBRARY OF CONGRESS CALL NUMBER |
| Classification number |
GV1469.3 |
| 082 00 - DEWEY DECIMAL CLASSIFICATION NUMBER |
| Classification number |
794.8,FEM |
| Edition number |
23 |
| 084 ## - OTHER CLASSIFICATION NUMBER |
| Classification number |
COM012040 |
| Number source |
bisacsh |
| 245 00 - TITLE STATEMENT |
| Title |
Game invaders |
| Medium |
[electronic resource] : |
| Remainder of title |
the theory and understanding of computer games / |
| Statement of responsibility, etc. |
Clive Fencott ... [et al.]. |
| 260 ## - PUBLICATION, DISTRIBUTION, ETC. |
| Place of publication, distribution, etc. |
Hoboken, New Jersey : |
| Name of publisher, distributor, etc. |
IEEE Press ; Wiley, |
| Date of publication, distribution, etc. |
2012. |
| 300 ## - PHYSICAL DESCRIPTION |
| Extent |
1 online resource. |
| 505 ## - FORMATTED CONTENTS NOTE |
| Formatted contents note |
You are the one (Page-3), Genre (Page-13), Activity (Page-29), Pleasure (Page-45), Two Rail-Shooters (Page-61), Why don't people play games (Page-71), Just and Ordinary day (Page-87), Big Bad Streets (Page-111), Time to visit yokosuka (Page-125), Meaning wht? (Page-139), All work and play (Page-163), Big game hunting (Page-183), |
| 588 ## - SOURCE OF DESCRIPTION NOTE |
| Source of description note |
Description based on print version record and CIP data provided by publisher. |
| 650 #0 - SUBJECT ADDED ENTRY--TOPICAL TERM |
| Topical term or geographic name entry element |
Computer games. |
| 9 (RLIN) |
45834 |
| 650 #0 - SUBJECT ADDED ENTRY--TOPICAL TERM |
| Topical term or geographic name entry element |
Computer games |
| General subdivision |
Design. |
| 9 (RLIN) |
108098 |
| 650 #0 - SUBJECT ADDED ENTRY--TOPICAL TERM |
| Topical term or geographic name entry element |
Video games |
| 9 (RLIN) |
108099 |
| 650 #0 - SUBJECT ADDED ENTRY--TOPICAL TERM |
| Topical term or geographic name entry element |
Video games |
| General subdivision |
Design. |
| 9 (RLIN) |
108100 |
| 650 #7 - SUBJECT ADDED ENTRY--TOPICAL TERM |
| Topical term or geographic name entry element |
COMPUTERS / Programming / Games. |
| Source of heading or term |
bisacsh |
| 9 (RLIN) |
108101 |
| 700 1# - ADDED ENTRY--PERSONAL NAME |
| Personal name |
Fencott, P. C. |
| 9 (RLIN) |
108102 |
| 776 08 - ADDITIONAL PHYSICAL FORM ENTRY |
| Relationship information |
Print version: |
| Title |
Game invaders |
| Place, publisher, and date of publication |
Hoboken, N.J. : Wiley, 2012 |
| International Standard Book Number |
9780470597187 |
| Record control number |
(DLC) 2012002566 |
| 906 ## - LOCAL DATA ELEMENT F, LDF (RLIN) |
| a |
7 |
| b |
cbc |
| c |
origcop |
| d |
1 |
| e |
ecip |
| f |
20 |
| g |
y-gencatlg |
| 942 ## - ADDED ENTRY ELEMENTS (KOHA) |
| Source of classification or shelving scheme |
|
| Koha item type |
Book |
| Call number prefix |
794.8,FEM |